000 00505cam a2200169 4500500
005 20260405002930.0
041 _afre
042 _adc
100 1 0 _aGoron, Gaëtan
_eauthor
245 0 0 _aMots croisés #53
260 _c2019.
500 _a99
690 _aGaëtan Goron
690 _aMots croisés
786 0 _nPhilosophie magazine | 131 | 7 | 2019-07-01 | p. 62-62 | 1951-1787
856 4 1 _uhttps://shs.cairn.info/magazine-philosophie-magazine-2019-7-page-62?lang=fr&redirect-ssocas=7080
999 _c2062658
_d2062658